| 000 | 00452nam a22001817a 4500 | ||
|---|---|---|---|
| 003 | CEME | ||
| 005 | 20210628205700.0 | ||
| 008 | 210312b xxu||||| |||| 00| 0 eng d | ||
| 020 | _a0-13-042680-6 | ||
| 040 | _c. | ||
| 082 | _a620.106 ESP | ||
| 100 |
_aEsposito, Anthony _918460 |
||
| 245 | _aFluid mechanics with applications | ||
| 260 |
_aNEWYORK _bPRENTICE HALL _c1998 |
||
| 300 | _a639P | ||
| 650 |
_aFLUID MECHANICS. _91678 |
||
| 942 |
_cBK _2ddc |
||
| 999 |
_c581988 _d581988 |
||